00555nam a22001577a 450000500170000001000540001702000260007103500170009703700140011408200080012810000240013624501010016026000250026127000910028630000200037720251008130512.0 aB-774669-690 20BACCHEN25 a9789391523916c599.00 aB-774669-690 bAakansha  a220 aAgnihotri, Vaibhav  aSwami Vivekananda:bA Great philosopher and Great proponent of Hinduism/cby Vaibhav Agnihotri  aDelhibR.Sons Books  aH.NO. 1658, Gali NO 18 , Nathu Colony Nathupura bDelhi e110084mr.sonsbook@gmail.com a272p.c21cm(hb)